Country names in Norwegian - Statistics

General Stats
  • This quiz has been taken 224 times
  • The average score is 18 of 20
Answer Stats
Hint Answer % Correct
Norge Norway
99%
Island Iceland
98%
Spania Spain
98%
Sverige Sweden
98%
Frankrike France
97%
Storbritannia United Kingdom
96%
Litauen Lithuania
94%
Østerrike Austria
93%
Forente arabiske emirater United Arab Emirates
93%
Hellas Greece
92%
Sveits Switzerland
92%
Tyskland Germany
91%
Mikronesiaføderasjonen Federated States of Micronesia
89%
Tsjekkia Czechia
87%
Estland Estonia
87%
Hviterussland Belarus
85%
Tsjad Chad
85%
Ungarn Hungary
83%
Salomonøyene Solomon Islands
78%
Elfenbenskysten Ivory Coast
56%
No matching quizzes found
Score Distribution
Percent of People with Each Score
Percentile by Number Answered
Your Score History
You have not taken this quiz